[Event "Cantabria-ch Cup"]
[Site "Cantabria"]
[Date "2008.03.09"]
[Round "?"]
[White "Gonzalez Laso, Adrian"]
[Black "Roqueni Canal, Ramon"]
[Result "1-0"]
[WhiteElo "1880"]
[BlackElo "2130"]
[PlyCount "60"]
[EventDate "2008.03.02"]
[EventType "swiss"]
[EventCountry "ESP"]
[SourceTitle "EXT 2024"]
[Source "ChessBase"]
[SourceDate "2023.10.10"]
[SourceVersion "1"]
[SourceVersionDate "2023.10.10"]
[SourceQuality "1"]

1. e4 c5 2. Nc3 Nc6 3. g3 g6 4. Bg2 Bg7 5. d3 d6 6. f4 Nf6 7. Nf3 0-0 8. 0-0 Nd4 9. h3 Nxf3+ 10. Qxf3 Rb8 11. Be3 b5 12. Qf2 b4 13. Ne2 Bb7 14. g4 e6 15. f5 exf5 16. gxf5 Nh5 17. Rab1 Be5 18. Bh6 Bg7 19. Be3 Be5 20. Bf3 Ng7 21. Bg4 Qf6 22. h4 gxf5 23. Bg5 Qe6 24. exf5 Qd5 25. Ng3 Bd4 26. Ne4 Bxf2+ 27. Rxf2 Qc6 28. Bf3 Qc8 29. Nxd6 Qd7 30. Nxb7 Rxb7 1-0